000 00677nam a2200217Ii 4500
003 JO-AjNU
008 230605s9999||||xx |||||||||||||| ||und||
017 _a2006/9/2665
040 _aJO-AjNU
_bara
_erda
_cJO-AjNU
041 _aara
050 1 4 _aPJ7828.D73 2007
100 3 _aتاليف تولستوي؛ترجمة عقلة حداد,
_eauthor
_920673
245 0 0 _aالكلمات الثلاثة :وقصص أخرى
250 _aط1
264 3 1 _aعمان: المترجم،2006
300 _a114ص
336 _atext
_btxt
_2rdacontent
337 _aunmediated
_bn
_2rdamedia
338 _avolume
_bnc
_2rdacarrier
650 4 _aالادب المترجم-القصص
_920674
999 _aA7049
_c10617
_d10617